UBT Library

Management accounting / (Record no. 42157)

000 -LEADER
fixed length control field 00663nam a2200229 a 4500
001 - CONTROL NUMBER
control field 4050775
005 - DATE AND TIME OF LATEST TRANSACTION
control field 20180208080659.0
008 - FIXED-LENGTH DATA ELEMENTS--GENERAL INFORMATION
fixed length control field 990224s1999 ohua s 001 0 eng
010 ## - LIBRARY OF CONGRESS CONTROL NUMBER
LC control number 99176810
020 ## - INTERNATIONAL STANDARD BOOK NUMBER
International Standard Book Number 0538889969
040 ## - CATALOGING SOURCE
Original cataloging agency DLC
Transcribing agency DLC
041 ## - LANGUAGE CODE
Language code of text/sound track or separate title eng
080 ## - UNIVERSAL DECIMAL CLASSIFICATION NUMBER
Universal Decimal Classification number 658.1511 SKO
082 00 - DEWEY DECIMAL CLASSIFICATION NUMBER
Classification number 658.1511 SKO
Edition number 21
100 ## - Rafti
Rafti 62
101 ## - Shkurtesa
Shkurtesa KM
245 00 - TITLE STATEMENT
Title Management accounting /
Statement of responsibility, etc K. Fred Skousen ... [et al.].
504 ## - BIBLIOGRAPHY, ETC. NOTE
Bibliography, etc Includes bibliographical references and indexes.
906 ## - LOCAL DATA ELEMENT F, LDF (RLIN)
a 7
b cbc
c orignew
d 3
e ncip
f 19
g y-gencatlg
942 ## - ADDED ENTRY ELEMENTS (KOHA)
Source of classification or shelving scheme
Item type Books
Holdings
Withdrawn status Lost status Source of classification or shelving scheme Damaged status Not for loan Collection code Permanent location Current location Shelving location Date acquired Total Checkouts Full call number Barcode Date last seen Price effective from Koha item type
          Koleksioni i përgjithshem UBT - Lipjan UBT - Lipjan Koleksioni i përgjithshem 02/08/2018   658.1511 SKO 002-2998896 02/08/2018 02/08/2018 Books
UBT Library © 2015-2024. All rights reserved University Education for Business and Technology